Swift Transition and Knowledge Cycling : A Study of Knowledge Transfer in Technical Consulting.

Bibliographic Details
Main Author: Pantic-Dragisic, Svjetlana.
Format: eBook
Language:English
Published: Linköping : Linkopings Universitet, 2015.
Edition:1st ed.
Series:FiF-Avhandling - Filosofiska Fakulteten - Linköpings Universitet Series
Subjects:
Online Access:Click to View
LEADER 01641nam a22003613i 4500
001 EBC30401231
003 MiAaPQ
005 20240729202205.0
006 m o d |
007 cr cnu||||||||
008 240729s2015 xx o ||||0 eng d
020 |a 9789175190440  |q (electronic bk.) 
035 |a (MiAaPQ)EBC30401231 
035 |a (Au-PeEL)EBL30401231 
035 |a (OCoLC)1372395315 
040 |a MiAaPQ  |b eng  |e rda  |e pn  |c MiAaPQ  |d MiAaPQ 
100 1 |a Pantic-Dragisic, Svjetlana. 
245 1 0 |a Swift Transition and Knowledge Cycling :  |b A Study of Knowledge Transfer in Technical Consulting. 
250 |a 1st ed. 
264 1 |a Linköping :  |b Linkopings Universitet,  |c 2015. 
264 4 |c {copy}2015. 
300 |a 1 online resource (85 pages) 
336 |a text  |b txt  |2 rdacontent 
337 |a computer  |b c  |2 rdamedia 
338 |a online resource  |b cr  |2 rdacarrier 
490 1 |a FiF-Avhandling - Filosofiska Fakulteten - Linköpings Universitet Series ;  |v v.114 
588 |a Description based on publisher supplied metadata and other sources. 
590 |a Electronic reproduction. Ann Arbor, Michigan : ProQuest Ebook Central, 2024. Available via World Wide Web. Access may be limited to ProQuest Ebook Central affiliated libraries.  
655 4 |a Electronic books. 
776 0 8 |i Print version:  |a Pantic-Dragisic, Svjetlana  |t Swift Transition and Knowledge Cycling  |d Linköping : Linkopings Universitet,c2015 
797 2 |a ProQuest (Firm) 
830 0 |a FiF-Avhandling - Filosofiska Fakulteten - Linköpings Universitet Series 
856 4 0 |u https://ebookcentral.proquest.com/lib/matrademy/detail.action?docID=30401231  |z Click to View